00465nam a2200109Ia 4500008004100000050002200041100002700063245013900090260008600229300002800315521001200343140724s9999 xx 000 0 und d aRC 65b.G943 2008 aGuiang, Reynaldo Jr R. 2aA patient-information handover tool for the nursing students of Southville International School and Colleges /cReynaldo R. Guiang Jr. aLas Piñas, Philippines :bSouthville International School and Colleges,cc2008. a81 p. :bill. ;c28 cm. aNursing